Španielske protestné strany, španielsky protestný občan a heslo „politická a demokratická obnova“ ako vzorový príklad pre Európu?

Nový neomarxistický pohľad na problémy Španielska a Európy.

Saved in:
Bibliographic Details
Main Author: Pulikowski, Piotr
Format: Book Chapter
Language:Slovak
Subjects:
Tags: Add Tag
No Tags, Be the first to tag this record!

MARC

LEADER 00000naa a2200000 4500
001 0227569
005 20230109134418.5
041 0 |a slo 
044 |a SK 
245 1 0 |a Španielske protestné strany, španielsky protestný občan a heslo „politická a demokratická obnova“ ako vzorový príklad pre Európu?  |c Piotr Pulikowski 
520 |a Nový neomarxistický pohľad na problémy Španielska a Európy. 
610 2 0 |a strany opozičné 
610 2 0 |a strany politické 
610 2 0 |a Španielsko 
610 2 0 |a Európa 
610 2 0 |a demokracia 
610 2 0 |a politika 
100 1 |a Pulikowski, Piotr